01346 am a2200301ua 4500999001700000001001000017003000900027005001700036008004100053020002200094020001800116040004600134082001900180100002800199245007600227264003000303300004400333336002600377337002800403338002700431500002000458520030400478650006200782653002000844655002400864942001200888952014400900 c28257d28228009380878EG-ScBUE20200308100511.0040209s2003 enka f 001 0 eng d a0007155468 (pbk.) a9780007155460 aStDuBDSbengerdadUkdEG-ScBUEcEG-ScBUE04a158.1bHAR2221 aHarris, Carol,eauthor.10aNLP made easy :ban easy-to-follow introduction to NLP /cCarol Harris. 1aLondon :bElement,c2003. aix, 182 pages :billustrations ;c22 cm atext2rdacontentbtxt aunmediated2rdamediabn avolume2rdacarrierbnc aIncludes index. aThis is the most straightforward introduction to NLP on the market. Leading NLP practitioner Carol Harris explains exactly what NLP is in no-nonsense style. Shying away from complicated terms or hard-to-grasp techniques, she gives practical advice on using NLP in everyday life to get what you want. 7aNeurolinguistic programmingvPopular works.2BUEsh925483 bGGENcMarch2020 vReading book934232 2ddccBB 00102ddc40708BaccahaMAINbMAINcLOWd2020-03-08ePurchasel1m2o158.1 HARp000048777r2025-07-15 00:00:00s2022-08-04w2020-03-08yBB